000 00364nam a2200121Ia 4500
008 220204s9999 xx 000 0 und d
082 _a631:016
_bROB
245 0 _aShifting cultivation and alternatives: An annotated bibliography 1972-1989
260 _aLondon
_bCAB International
_c1992
700 _aMcKean, Sheila J
700 _aRobinson, Daniel M
942 _cBK
999 _c40404
_d40404